Securing Methyl-Tert-Butyl-Ether from Methanol and Butylene-Butadiene Fraction on Sulpho-Cationites and Zeolite-Bearing Catalyst; 39th International Petroleum Conference, Bratislava, Slovak Republic, September 20-23, 1999 : proceedings; Vol. 2

Xehetasun bibliografikoak
Parent link:39th International Petroleum Conference, Bratislava, Slovak Republic, September 20-23, 1999 : proceedings/ Slovnaft Research Institute of Petroleum and Hydrocarbon Gases ; ed. J. Mikulec.— , 1999
Vol. 2.— 1999.— F 14
Egile nagusia: Erofeev V. I. Vladimir Ivanovich
Beste egile batzuk: Ryabov Y. V., Shabalina L. B.
Gaia:В фонде НТБ ТПУ отсутствует
Hizkuntza:ingelesa
Argitaratua: 1999
Gaiak:
Formatua: MixedMaterials Liburu kapitulua
KOHA link:https://koha.lib.tpu.ru/cgi-bin/koha/opac-detail.pl?biblionumber=602484

MARC

LEADER 00000naa0a2200000 4500
001 602484
005 20250909175134.0
035 |a (RuTPU)RU\TPU\tpu\28351 
035 |a RU\TPU\tpu\28350 
090 |a 602484 
100 |a 20160427d1999 k||y0rusy50 ba 
101 0 |a eng 
102 |a SK 
200 1 |a Securing Methyl-Tert-Butyl-Ether from Methanol and Butylene-Butadiene Fraction on Sulpho-Cationites and Zeolite-Bearing Catalyst  |f V. I. Erofeev, Y. V. Ryabov, L. B. Shabalina 
333 |a В фонде НТБ ТПУ отсутствует 
461 1 |t 39th International Petroleum Conference, Bratislava, Slovak Republic, September 20-23, 1999 : proceedings  |f Slovnaft Research Institute of Petroleum and Hydrocarbon Gases ; ed. J. Mikulec  |d 1999 
463 1 |t Vol. 2  |v F 14  |d 1999 
610 1 |a труды учёных ТПУ 
700 1 |a Erofeev  |b V. I.  |c specialist in the field of oil and gas business  |c Professor of Tomsk Polytechnic University, Doctor of technical sciences  |f 1946-  |g Vladimir Ivanovich  |3 (RuTPU)RU\TPU\pers\32197  |9 16197 
701 1 |a Ryabov  |b Y. V. 
701 1 |a Shabalina  |b L. B. 
801 1 |a RU  |b 63413507  |c 20160427 
801 2 |a RU  |b 63413507  |c 20160427  |g RCR 
942 |c BK